|
|
|
|
| LEADER |
00000nam a2200000 a 4500 |
| 001 |
UCK9944 |
| 003 |
CL-VaPUC |
| 008 |
060609e20050000US |||||||||||||||||eng|d |
| 020 |
|
|
|a 9780192805645
|
| 082 |
0 |
4 |
|a 937
|b WAR
|2 21
|
| 100 |
0 |
|
|a Ward-Perkins, Bryan
|e author
|9 499868
|
| 245 |
1 |
4 |
|a The fall of rome and the end of civilization
|
| 250 |
|
|
|a 1a. ed
|
| 300 |
|
|
|a 239 p
|
| 942 |
|
|
|c BK
|
| 945 |
|
|
|d 20060609 00:00:00
|a jtorresc
|
| 260 |
|
|
|a Nueva York
|b Oxford
|c 2005
|
| 650 |
|
0 |
|a Historia antigua
|9 267521
|
| 650 |
|
0 |
|a Etruscos
|9 267523
|
| 650 |
|
7 |
|a EJERCITO ROMANO
|2 CL-VaPUC
|9 499869
|
| 650 |
|
0 |
|a Historia de Roma
|9 315349
|
| 651 |
|
0 |
|a Roma
|9 255106
|
| 583 |
|
|
|a last modification
|c 20060609 00:00:00
|k Rodrigo Vera
|
| 999 |
|
|
|c 316942
|d 316940
|
| 952 |
|
|
|0 0
|1 0
|4 0
|6 937_000000000000000_WAR_2005
|7 0
|8 A
|9 392568
|a BIBHIS
|b BIBHIS
|d 2019-11-22
|i 4242645
|o 937 WAR 2005
|p 4242645
|r 2025-01-20
|w 2019-11-22
|y BK
|k HIS
|